Versuch einer Einrichtung der schulen aus dem Gesichtspunkte des Lebens im Staate. Von Dr. W. Sause. Dritter Theil, Vom Lehre von der Verwaltung der Schulen

Hlavní autor: Sausse, Heinrich Wilhelm, 1796-1866
Jazyk: Němčina
Vydáno: Halle : Verlag von Richard Mühlmann, 1843
Témata:
Externí odkaz: Digitalizovaný dokument
Fyzický popis: XII, [2], 523, [1] s. ; 8°
Knihy
Uloženo v:
LEADER 01932nam a2200397 a 4500
001 mzk03001184362
003 CZ BrMZK
005 20161205175121.0
007 ta
008 120516s1843 gw f |||| 0 ger|d
040 |a BOA001  |b cze 
072 7 |a 371  |x Školství (organizace)  |2 Konspekt  |9 22 
072 7 |a 094.5  |x Tisky (19. století)  |2 Konspekt  |9 12 
080 |a 371(091)  |2 MRF 
080 |a 025.171  |2 MRF 
100 1 |a Sausse, Heinrich Wilhelm,  |d 1796-1866  |7 mzk2016935441  |4 aut 
245 1 0 |a Versuch einer Einrichtung der schulen aus dem Gesichtspunkte des Lebens im Staate. Von Dr. W. Sause.  |n Dritter Theil,  |p Vom Lehre von der Verwaltung der Schulen 
246 3 3 |a Vom Lehre von der Verwaltung der Schulen Von Dr. W. Sause 
260 |a Halle :  |b Verlag von Richard Mühlmann,  |c 1843 
300 |a XII, [2], 523, [1] s. ;  |c 8° 
500 |a Výzdoba: Linky 
501 |a Obsahuje: Přívazek 1, Versuch einer Einrichtung der schulen aus dem Gesichtspunkte... / Heinrich Wilhelm Sausse. -- Přívazek 2, Randbemerkungen zu des Herrn v. H. Sendschreiben... / Heinrich Wilhelm Sausse 
563 |a Vazba papírová se slepotiskem v podobě vinné révy, zlacený hřbet, hřbetní štítek, zbytky modré ořízky 
650 7 |a dějiny školství  |7 ph536908  |2 czenas 
650 7 |a historické knihovní fondy  |7 ph172933  |2 czenas 
856 4 1 |u https://imageserver.mzk.cz/mzk03/001/184/362/328100205615.titul  |y Digitalizovaný dokument 
910 |e BOE950  |c R - S. I. bb. 27 
978 |b Mühlmann, Richard  |a Halle  |c 1843 
984 |a Halle  |b Německo 
985 |a 1801-1850 
990 |a BK 
996 |e BOE950  |c R - S. I. bb. 27 
991 |k rajhrad 
980 |c 205615  |g R - S. I. bb. 27  |1 328100205615  |p BNr. 23506 
994 |a DN  |l MZK03  |b 001184364  |m záznam 1. díla (pro objednání pokračujte kliknutím)  |n přívazek 1 
994 |a DN  |l MZK03  |b 001184365  |m záznam 1. díla (pro objednání pokračujte kliknutím)  |n přívazek 2